|
|
|
|
| LEADER |
00000cam a2200000 7i4500 |
| 001 |
0000094271 |
| 005 |
20080429.0 |
| 090 |
0 |
0 |
|a JF
|b MAI
|
| 245 |
0 |
0 |
|a Maisy [
|h video compact disc] :
|b birthday and other stories
|
| 260 |
|
|
|a s.l :
|b Universal Pictures ,
|c 2000
|
| 300 |
|
|
|a 1 Video compact disc (55 minutes) :
|b col
|
| 500 |
|
|
|a Library has 5 copies
|
| 520 |
0 |
|
|a General viewing for all ages (U)
|
| 650 |
0 |
0 |
|a Cartoon
|
| 650 |
0 |
0 |
|a Cartoon, English
|
| 999 |
|
|
|a AV 11758
|b VIDEO COMPACT DISC
|c PINJAMAN
|e PERPUSTAKAAN KOMUNITI PETALING JAYA
|
| 999 |
|
|
|a AV 11759
|b VIDEO COMPACT DISC
|c PINJAMAN
|e PERPUSTAKAAN KOMUNITI PETALING JAYA
|
| 999 |
|
|
|a AV 19993
|b VIDEO COMPACT DISC
|c PINJAMAN
|e PERPUSTAKAAN KOMUNITI PETALING JAYA
|